| 000 | 00490nam a2200217Ia 4500 | ||
|---|---|---|---|
| 008 | 210210b1919 xxu||||| |||| 00| 0 eng d | ||
| 041 | _aeng | ||
| 082 | _a320/84 | ||
| 100 | _aBRYCE (James) | ||
| 245 | _aAmerican commonwealth Vol 2 | ||
| 260 |
_aNew York _bThe Macmillan Company _c1919 |
||
| 300 | _avii,963 | ||
| 440 | _aII | ||
| 650 | _aVol | ||
| 650 | _acommonwealth | ||
| 650 | _aAmerican | ||
| 650 | _a2 | ||
| 650 | _a1 | ||
| 690 | _aPolitical Science | ||
| 906 | _a001835 | ||
| 999 |
_c117135 _d117135 |
||